logo

Bir Sreshtho Munshi Abdur Rouf Library
Jhenaidah Cadet College

Reclamative soil science / (Record no. 4809)

MARC details
000 -LEADER
fixed length control field 00618cam a2200229u 4500
001 - CONTROL NUMBER
JCCL Control Number 4809
003 - CONTROL NUMBER IDENTIFIER
JCCL marc code BD-JhCC
005 - DATE AND TIME OF LATEST TRANSACTION
control field 20171203190116.0
008 - FIXED-LENGTH DATA ELEMENTS--GENERAL INFORMATION
fixed length control field 830302q19601963ru a 000 0 eng d
035 ## - SYSTEM CONTROL NUMBER
system control number (BD-JhCC)4809
040 ## - CATALOGING SOURCE
Original cataloging agency DLC
Transcribing agency CarP
Modifying agency DLC
-- BD-JhCC
041 ## - LANGUAGE CODE
Language code of Book eng
050 00 - LIBRARY OF CONGRESS CALL NUMBER
Classification number S591
Item number .P5143
082 ## - DEWEY DECIMAL CLASSIFICATION NUMBER
Classification number 631.4
Author mark and Year PLI 1963
100 1# - MAIN ENTRY--PERSONAL NAME
Personal name Plyu︡snin, Ivan Ivanovich.
245 10 - TITLE STATEMENT
Title Reclamative soil science /
Statement of responsibility, etc Ivan Ivanovich Plyu︡snin,
260 ## - PUBLICATION, DISTRIBUTION, ETC. (IMPRINT)
Place of publication, distribution, etc Moscow :
Name of publisher, distributor, etc Foreign Languages Pub House,
Date of publication, distribution, etc [1963]
300 ## - PHYSICAL DESCRIPTION
Pagination 397 p.
Other physical details illus.
Dimensions 22 cm.
650 #0 - SUBJECT ADDED ENTRY--TOPICAL TERM
Topical term or geographic name as entry element Soil Science
942 ## - ADDED ENTRY ELEMENTS (KOHA)
Source of classification or shelving scheme Dewey Decimal Classification
Koha item type Books
Holdings
Source of classification or shelving scheme Damaged status Not for loan Home library Current library Shelving location Date of accession Total Checkouts Full call number Barcode Date last seen Copy number Koha item type
Dewey Decimal Classification     JCC Rouf Library JCC Rouf Library General Stacks 12/03/2017   631.4 PLI 1963 6609 12/03/2017 C-1 Books

JCC Library | Contacts | JCC Home

Last Update on 23 September 2017
Copyright @ 2017-2020 JCC Rouf Library
Rouf Library, Jhenidah Cadet College (JCC), Bangladesh